000 00727nam a2200217 a 4500
001 001062721
003 AM-YeHGA
005 20250617151130.0
008 150302s1975 ||| r 000 0 rus d
040 _aAM-YeHGA
041 0 _arus
100 1 _aАбилов, Абдулрза
245 1 0 _aАвтоматические микродозаторы для жидкостей /
_cА.Г. Абилов, К.А. Лютфалиев.
260 _aМосква :
_bЭнергия,
_c1975.
300 _a62 с.
440 0 _aБ-ка по автоматике
504 _aБиблиогр.: с. 58-62
_n545
653 0 _aАвтоматика
700 1 _aЛютфалиев, Кадыр Ахмедович
090 _c347181
999 _c345382
_d345382